000 00409nam a22001697a 4500
003 MPLRDC
005 20220104143305.0
008 210129b ||||| |||| 00| 0 eng d
082 _a857.45 WY v.2
100 _a吴越
245 _a括苍山恩仇记. 二
_c
250 _a一版一刷
260 _a
_b中国青年出版社
_c1983
300 _b
650 _a历史小说
942 _cBK
_o857.45 WY v.2
999 _c38474
_d38464